Największe kraje na literę A - Statystyki

Ogólne statystyki
  • Ten quiz został rozwiązany 67 razy
  • Średni wynik to 4 z 5
Statystyki odpowiedzi
Powierzchnia Kraj % Poprawnych
7 686 850 Australia
87%
1 246 700 Angola
77%
2 766 890 Argentyna
77%
2 149 690 Algieria
74%
2 381 741 Arabia Saudyjska
63%
Nie znaleziono quizów pasujących do podanych kryteriów
Rozkład punktacji
Procent ludzi z każdym wynikiem
Percentyl według liczby udzielonych odpowiedzi
Twoja historia wyników
Nie rozwiązałeś tego quizu